Kansas State Parks - Statistics

General Stats
  • This quiz has been taken 12 times
  • The average score is 13 of 28
Answer Stats
Picture Answer % Correct
Little Jerusalem Badlands
100%
Clinton
67%
Flint Hills Trail
67%
Kanopolis
67%
Lake Scott
67%
Milford
67%
Mushroom Rock
67%
Tuttle Creek
67%
Wilson
67%
Cedar Bluff
33%
Cheney
33%
Crawford
33%
Cross Timbers
33%
Eisenhower
33%
El Dorado
33%
Elk City
33%
Fall River
33%
Glen Elder
33%
Hillsdale
33%
Kaw River
33%
Lovewell
33%
Meade
33%
Perry
33%
Pomona
33%
Prairie Dog
33%
Prairie Spirit Trail
33%
Sand Hills
33%
Webster
33%
No matching quizzes found
Score Distribution
Percent of People with Each Score
Percentile by Number Answered
Your Score History
You have not taken this quiz